000 00320nam a2200121Ia 4500
008 190216s9999||||xx |||||||||||||| ||und||
100 _aJain. V.K
245 0 _aO Level Module Iv Programming And Problem Solving Through C
260 _bBpb Publications
_c1999
300 _a395p
650 _aComputer Science
942 _cBK
999 _c8643
_d8643